[Event "Enghien les Bains 2nd"]
[Site "Enghien les Bains"]
[Date "1997.03.14"]
[Round "1"]
[White "Nataf, Igor Alexandre"]
[Black "Chabanon, Jean Luc"]
[Result "1-0"]
[WhiteElo "2410"]
[BlackElo "2435"]
[Annotator "Har Zvi,R"]
[PlyCount "53"]
[EventDate "1997.03.14"]
[EventType "tourn"]
[EventRounds "9"]
[EventCountry "FRA"]
[EventCategory "10"]
[SourceTitle "CBM 058"]
[Source "ChessBase"]
[SourceDate "1997.06.01"]
[SourceVersion "1"]
[SourceVersionDate "1997.06.01"]
[SourceQuality "1"]

1. e4 {Mowsziszian,K Nataf} g6 2. d4 Bg7 3. Nc3 c6 4. f4 d6 (4... Qb6 5. Nf3 d5
6. e5 Bg4 7. Be2 Bxf3 8. Bxf3 Nd7 9. Qd3 e6 10. Bd2 Ne7 11. g4 $1 c5 $1 12. Na4
Qc7 13. Nxc5 Nxc5 14. dxc5 g5 15. Qb5+ $1 Nc6 16. c4 $8 O-O-O 17. cxd5 exd5 18.
O-O-O $14 {Almasi,Z-Hodgson,J/Horgon-B/1995/65/1-0/[ Almasi,Z]}) 5. Nf3 Bg4 (
5... b5 6. Bd3 Bg4 (6... Qb6 7. e5 d5 8. h3 h5 9. Be3 Nh6 10. Qd2 Bf5 11. Be2
Na6 12. O-O e6 13. a4 Nc7 14. axb5 cxb5 15. Nh2 Rd8 $2 16. g4 hxg4 17. hxg4 Be4
18. Nxe4 dxe4 19. d5 $1 $18 Rxd5 20. Qc3 {Glek,I-Cherniskov,K St.Mesto 1992})
7. e5 Nh6 (7... dxe5 8. dxe5 Nh6 9. O-O O-O 10. h3 Bf5 11. Ne4 Na6 12. Qe1 f6
13. a4 Nc7 $13 {/+/= Anand,V-Norwood,D Oakham 1990}) 8. h3 Bf5 9. g4 Bxd3 10.
Qxd3 Qd7 11. Be3 Na6 12. O-O-O Nc7 13. exd6 Qxd6 14. f5 $36 {/+/- Ehlvest,
J-Granda Zuniga,J/Zagreb izt/1987/}) 6. Be3 Qa5 {this move has been played
very very rarely,the main move is 6...Qb6 Le coup habituel est ...Db6.} (6...
Qb6 7. Qd2 Bxf3 (7... Nf6 8. Be2 O-O 9. h3 Bxf3 10. Bxf3 Qxb2 11. Rb1 Qa3 12.
Rxb7 e5 13. O-O Nbd7 14. Rfb1 $14 {Stefansson,H-Olafsson,F Reykjavik 1995 64/
(99)}) (7... Nd7 $5) 8. gxf3 Nd7 9. O-O-O (9. Bh3 $5) 9... Qa5 10. Kb1 b5 (
10... Ngf6 $5) (10... O-O-O 11. Rg1 Kb8 12. Rg5 Qc7 13. d5 {Polgar,J-Crouch,C
Hastings 1992 58/133} Ngf6 $5 $14) 11. h4 (11. Ne2 {Mowsziszian,K} Qxd2 12.
Bxd2 Ngf6 13. Ng3 h5 14. h4 Bh6 {1/2-1/2 Hansen,SuB-Hoi,C/DEN-ch (02) ;CBM 53
1996 (41)}) 11... Nb6 12. h5 (12. Bd3 Nf6 13. Qg2 Nh5 14. Ne2 Nc4 15. Bc1 Bh6
16. Qg4 Rb8 17. Ng3 Nf6 18. Qh3 Nd7 19. h5 $36 {Anand,V-Hickel,J Biel-B 1988})
12... b4 13. Ne2 Nc4 14. Qd3 Nxe3 15. Qxe3 Nf6 16. h6 Bf8 17. d5 $1 cxd5 18. e5
$40 {/+/- Bologan,V-Todorcevic,M Las Palmas II 1993 58/(133)}) 7. Bd3 d5 (7...
e5 {Nataf} 8. dxe5 dxe5 9. f5 $1 gxf5 10. exf5 Ne7 11. O-O Nxf5 $6 (11... Bxf5
12. Ng5 $16) 12. Bxf5 Bxf5 13. Ng5 Bg6 14. Qd6 $5) (7... c5 {Nataf} 8. dxc5
Bxc3+ 9. bxc3 Qxc3+ 10. Kf2 dxc5 11. e5 {Avec initiative blanche.}) (7... e5
$142 {Mowsziszian,K wäre logisch}) 8. e5 c5 $2 {it seems black does not really
understand this position,first it was 6...Qa5 and now this strange move,what
is the problem? white will take the pawn keep it and win the game very
easily!! Mowsziszian: Vermutlich hatte Schwarz den Zug 11...d4 geplant, aber
zu spät die Antwort 12.Lb5! bemerkt.} (8... h5 {Nataf}) (8... Nh6 {Mowsziszian,
K} 9. h3 Bxf3 10. Qxf3 Nf5 11. Bf2 h5 12. g4 $1 (12. O-O-O $2 h4 $1 {Schwarz
blockieret Königsflügel und nächst kommt e6,Lf8,Sd7,b5}) 12... hxg4 13. hxg4
Rxh1+ 14. Qxh1 Nh6 15. Qh4 $16) (8... Na6 $5 {Mowsziszian,K}) 9. dxc5 Nc6 10.
h3 $1 {black was threatening d4 so just exchange bishop make castle and that's
all} Bxf3 (10... d4 {Nataf} 11. hxg4 dxe3 (11... dxc3 12. bxc3 Qxc3+ 13. Kf2
$16) 12. Bb5 $16) 11. Qxf3 e6 (11... d4 12. Bb5 $1 Rd8 (12... O-O-O 13. Bxc6
bxc6 14. Qxc6+ Kb8 (14... Qc7 15. Qxc7+ Kxc7 16. Bxd4 (16. Nb5+ $18) 16... Rxd4
17. Nb5+) 15. b4 $1 Qa3 16. Nb5 Qxb4+ 17. Bd2) (12... dxc3 {Mowsziszian,K} 13.
Bxc6+ Kf8 14. b4 $1 Qxb4 15. Bxb7 $18) 13. Bxc6+ bxc6 14. Qxc6+ Kf8 15. Bd2 $1
(15. O-O-O $1 {Nataf} dxc3 16. Rxd8+ Qxd8 17. Rd1 Qb8 18. Qb7 $3 Qe8 19. Qc7
$18) 15... dxc3 16. Bxc3 {[%csl Ra5] not everyday a queen is being trapped
this way}) (11... O-O-O {Nataf} 12. Bd2 $1 Qxc5 13. O-O-O $18) 12. O-O Nge7 (
12... d4 13. Bb5 Rd8 14. Bxc6+ bxc6 15. Qxc6+ Kf8 (15... Ke7 16. Bd2) 16. Rad1
Ne7 (16... dxe3 17. b4 Ne7 18. Qb7) (16... dxc3 {Nataf} 17. b4 Ne7 18. Qb7 $18)
17. Qa4) 13. Nb5 {Avec l'idee c3 et b4.} O-O 14. c3 f6 15. exf6 Bxf6 16. Qe2
Rae8 $6 (16... Nf5 17. Bxf5 exf5 18. Qd3 $16) 17. Nd6 Rb8 18. Qg4 Nf5 (18...
Nd8 19. f5 exf5 20. Nxf5 Nxf5 (20... Ndc6 21. Nxe7+ Bxe7 (21... Nxe7 22. Qe6+
Kg7 23. Rxf6) 22. Qe6+ Kg7 23. Bd4+) 21. Rxf5 $18) 19. Bxf5 (19. Nxf5 exf5 20.
Bxf5 d4 $8 21. cxd4 Nxd4 22. Be4 $16) 19... exf5 20. Qf3 (20. Nxf5 $142 $5 Rbe8
(20... Bxc3 $2 21. Nh6+ Kg7 22. Qd7+ Kxh6 23. g4 $1 g5 24. fxg5+ Kg6 25. h4 {
with mate in a few moves}) 21. Bf2 {simple move} Bxc3 $2 22. Nd6 Bxb2 23. Nxe8
Bxa1 24. Qe6+ $18) 20... d4 $2 $18 {the same as resign,the only move was of
course Ne7 but of course white is much better now the game ends} (20... Ne7)
21. Qd5+ Kg7 22. Bxd4 (22. cxd4 {Nataf} Qb4 $1) 22... Nxd4 23. cxd4 b6 24. Rac1
bxc5 25. Rxc5 Qb4 (25... Qd2 {Nataf} 26. Rc7+ Kh6 {[#]} 27. Nf7+ {1-0 Nataf,
I-Chabanon,J/Enghien Les Bains 1997/CBM 58/[Nataf]} (27. Nf7+ {Nataf} Kh5 (
27... Rxf7 28. Qxf7 Qxd4+ 29. Kh1 Bg7 30. b3) 28. Qf3+ Kh4 29. g3+ Kxh3 30.
Ng5+ Bxg5 31. Rxh7+ Bh6 32. Rxh6#)) 26. Rc7+ Kh6 27. Nf7+ {and is really a
good time to resign} 1-0

[Event "RUS-ch51"]
[Site "St Petersburg"]
[Date "1998.07.30"]
[Round "3"]
[White "Karpatchev, Aleksandr"]
[Black "Galliamova, Alisa"]
[Result "0-1"]
[WhiteElo "2515"]
[BlackElo "2560"]
[Annotator "Har Zvi,R"]
[PlyCount "72"]
[EventDate "1998.07.28"]
[EventType "swiss"]
[EventRounds "11"]
[EventCountry "RUS"]
[SourceTitle "CBM 067"]
[Source "ChessBase"]
[SourceDate "1998.11.30"]
[SourceVersion "2"]
[SourceVersionDate "1998.11.01"]
[SourceQuality "1"]

1. e4 c5 2. c3 d5 3. exd5 Qxd5 4. d4 g6 5. Nf3 Bg7 6. Na3 cxd4 (6... a6 7. Nc4
(7. dxc5 $5 Qxc5 (7... Qxd1+ 8. Kxd1 Bg4 9. Be3 Nd7 10. Rc1 $16) 8. Be3 Qc7 9.
Nc4 Nd7 10. a4 $14) (7. Bc4 Qe4+ 8. Be3 Bh6 9. O-O Bxe3 10. fxe3 Nh6 11. Qb3 e6
12. Rae1 b5 13. Be2 c4 14. Qd1 Qxe3+ 15. Kh1 Nf5 16. Bxc4 Qh6 17. Bd5 Ra7 18.
Kg1 O-O 19. Be4 $14 {1/2-1/2 Ivanov,V-Rashkovsky,N/RUS-Cup2 1996/EXP 56 (32)})
7... Nd7 8. Ne3 Qd6 9. d5 Ngf6 10. a4 $14) 7. Nb5 (7. Bc4 $5 Qe4+ $6 $146 {
this is interesting,that in his annotations to hisn game against Cvitan,
Sveshnikov writes 7...Qe4? 8.Be3!+/- ,well it seems he is not wrong! and his
opponent maybe have not seen this analyse?!} (7... Qd8 $1 8. Qb3 e6 $8 9. Nxd4
Ne7 10. Bg5 h6 11. Be3 Nd5 12. Bxd5 exd5 $8 13. O-O O-O 14. Nac2 Nc6 15. Nb4
$14 {Sveshnikov,E-Cvitan,O/Tilburg (m/3) 1993}) 8. Be3 Nh6 (8... dxe3 $4 9.
Bxf7+ Kxf7 (9... Kf8 10. Qd8+ Kxf7 11. Ng5+) 10. Ng5+) 9. cxd4 O-O 10. O-O Bg4
(10... Nf5 11. Re1 Nh4 (11... Qc6 12. Rc1 Qb6 13. Bb3 {[%cal Ga3c4]}) 12. Nxh4
Qxh4) (10... Nc6) 11. Bxh6 Bxh6 12. Re1 Bxf3 13. Rxe4 Bxd1 14. Rxd1 $14 {
1-0 Sveshnikov,E-Najer,E/RUS51-ch 1998/CBM 67_05 (29)}) 7... Na6 (7... Qd8 8.
Bf4 Na6 (8... e5 9. Nxe5 $18) 9. Nbxd4 $14) 8. Nbxd4 (8. Be3 $5 Bg4 (8... Nf6
9. Bxd4 O-O 10. Be2 $16) (8... e5 9. cxd4 exd4 10. Bc4 $1 Qc5 11. Bxd4 Qb4+ 12.
Qd2 $16 {--> _|_}) 9. Qa4 $5 (9. Nbxd4 Nf6 (9... e5 10. Nb5 $16) (9... Nc5 10.
Bb5+ $14) 10. Be2 O-O 11. O-O $14) 9... Kf8 $6 (9... dxe3 $4 10. Nc7+ $18) (
9... Qd7 10. Bxd4 Bxd4 11. Qxd4 Qxd4 12. Nfxd4 $14) (9... Bd7 10. Nfxd4 (10.
Bc4 {Blatny,P} Qc6 11. Bxd4 $14) 10... Bxd4 11. Bxd4 Qe4+ 12. Be2 Nf6 $13) 10.
Nfxd4 $16 {1-0 Rausis,I-Permjakov,V/LAT-ch 1994/[Belov] (19)} (10. Nbxd4 Nc5
$13)) (8. Nfxd4 e5 9. Nf3 Qxd1+ 10. Kxd1 Ke7 11. Be3 f6 $11) 8... Nf6 9. Bxa6
$6 {narmally white does not play this move,in many position in many openings
it's possible to play bishop from "f1" takes knight on "a6" but white does
play this,the adavnatge is clear giving black double pawns on the "a" file,but
there are many disadvantages as well,first we give black two powerfull bishops
especially the one on "b7" and secondly black gets an open "b" file for his
rook,in conclusion I think it's a bad idea} bxa6 10. O-O O-O 11. Re1 Re8 {
it is very important for black to play "e5" since after this his pawns control
the dark squares in the center and combined white his light bishop he controls
the board!} 12. Qb3 (12. Bf4 Nh5 $5 13. Be5 f6 {[%cal Gc8b7,Ge7e5]}) (12. Re5
Qd7 {[%cal Gc8b7]}) 12... e5 $1 13. Nc2 $6 (13. Qxd5 $142 Nxd5 14. Nc6 f6 {
[%cal Gc8b7]} 15. c4 Nb6 16. b3 Bf8 $13) 13... Bb7 14. Bg5 Rab8 15. Qxd5 $6 (
15. Nb4 $142 $5 Qa5 (15... Qb5 16. a4) 16. Nd2 $13) 15... Nxd5 $36 {[%csl Gb7,
Rc2,Rf3,Gg7][%cal Gb8b1]} 16. Rad1 h6 17. Bc1 g5 $1 $15 {/-/+ this is a good
move, black takes a lot of space from white and by placinf his pawns on dark
sqaures he blocks white's bishop and make his extra "b7" bishop a very
important one,to be honest I already think that white's position is bad and
difficult} 18. c4 (18. Ne3 $5 {the defending side should try and exchange
pieces since by doing so he get some space} Nxe3 19. Rxe3 (19. Bxe3 Bxf3 20.
gxf3 Rxb2) 19... f5 $36 (19... f6 $5)) 18... Nf4 {[%cal Gf4g2]} 19. Bxf4 (19.
Ne3 e4 20. Nd2 Nd3 $17) (19. b3 Nxg2 20. Kxg2 g4 21. Kg3 Bxf3 22. Rd7 f5 $19)
19... exf4 $1 {[%cal Gg7a1]} 20. b3 g4 21. Nfd4 (21. Rxe8+ $142 Rxe8 22. Nfe1)
(21. Nh4 $5 Be4 22. Nd4) 21... Rxe1+ 22. Rxe1 Rd8 23. Re7 $4 {since move 10
black has the initiative soo far white held the position (although he stands
bad here! )but in his move white made it over!} (23. Nf5 Rd2 24. Re8+ Kh7 25.
Ne1 Bc3 $17) 23... Bxd4 24. Rxb7 Bb6 {[%csl Rb7,Rc2,Rg1][%cal Gd8d2] I guess
Re7 is a move of time trouble since now it's over} 25. Re7 Rd2 26. Ne1 g3 27.
hxg3 fxg3 28. Nf3 gxf2+ 29. Kf1 Rd1+ 30. Ne1 fxe1=Q+ 31. Rxe1 Rxe1+ 32. Kxe1 a5
33. Kd2 Kg7 34. Kd3 Kf6 35. Ke4 Ke6 36. g4 Bc5 0-1

[Event "RUS-ch51"]
[Site "St Petersburg"]
[Date "1998.08.06"]
[Round "10"]
[White "Sveshnikov, Evgeny"]
[Black "Najer, Evgeniy"]
[Result "1-0"]
[WhiteElo "2575"]
[BlackElo "2535"]
[Annotator "Har Zvi,R"]
[PlyCount "59"]
[EventDate "1998.07.28"]
[EventType "swiss"]
[EventRounds "11"]
[EventCountry "RUS"]
[SourceTitle "CBM 067"]
[Source "ChessBase"]
[SourceDate "1998.11.30"]
[SourceVersion "2"]
[SourceVersionDate "1998.11.01"]
[SourceQuality "1"]

1. e4 c5 2. c3 d5 3. exd5 Qxd5 4. d4 g6 5. Nf3 Bg7 6. Na3 cxd4 (6... a6 7. Nc4
(7. dxc5 $5 Qxc5 (7... Qxd1+ 8. Kxd1 Bg4 9. Be3 Nd7 10. Rc1 $16) 8. Be3 Qc7 9.
Nc4 Nd7 10. a4 $14) (7. Bc4 Qe4+ 8. Be3 Bh6 9. O-O Bxe3 10. fxe3 Nh6 11. Qb3 e6
12. Rae1 b5 13. Be2 c4 14. Qd1 Qxe3+ 15. Kh1 Nf5 16. Bxc4 Qh6 17. Bd5 Ra7 18.
Kg1 O-O 19. Be4 $14 {1/2-1/2 Ivanov,V-Rashkovsky,N/RUS-Cup2 1996/EXP 56 (32)})
7... Nd7 8. Ne3 Qd6 9. d5 Ngf6 10. a4 $14) 7. Bc4 $5 (7. Nb5 Na6 (7... Qd8 8.
Bf4 Na6 (8... e5 9. Nxe5 $18) 9. Nbxd4 $14) 8. Be3 $5 (8. Nfxd4 e5 9. Nf3 Qxd1+
10. Kxd1 Ke7 11. Be3 f6 $11) 8... Bg4 (8... Nf6 9. Bxd4 O-O 10. Be2 $16) (8...
e5 9. cxd4 exd4 10. Bc4 $1 Qc5 11. Bxd4 Qb4+ 12. Qd2 $16 {--> _|_}) 9. Qa4 $5 (
9. Nbxd4 Nf6 (9... e5 10. Nb5 $16) (9... Nc5 10. Bb5+ $14) 10. Be2 O-O 11. O-O
$14) 9... Kf8 $6 (9... dxe3 $4 10. Nc7+ $18) (9... Qd7 10. Bxd4 Bxd4 11. Qxd4
Qxd4 12. Nfxd4 $14) (9... Bd7 10. Nfxd4 (10. Bc4 {Blatny,P} Qc6 11. Bxd4 $14)
10... Bxd4 11. Bxd4 Qe4+ 12. Be2 Nf6 $13) 10. Nfxd4 $16 {1-0 Rausis,
I-Permjakov,V/LAT-ch 1994/[Belov] (19)} (10. Nbxd4 Nc5 $13)) 7... Qe4+ $6 $146
{this is interesting,that in his annotations to hisn game against Cvitan,
Sveshnikov writes 7...Qe4? 8.Be3!+/- ,well it seems he is not wrong! and his
opponent maybe have not seen this analyse?!} (7... Qd8 $1 8. Qb3 e6 $8 9. Nxd4
Ne7 10. Bg5 h6 11. Be3 Nd5 12. Bxd5 exd5 $8 13. O-O O-O 14. Nac2 Nc6 15. Nb4
$14 {Sveshnikov,E-Cvitan,O/Tilburg (m/3) 1993}) 8. Be3 Nh6 (8... dxe3 $4 9.
Bxf7+ Kxf7 (9... Kf8 10. Qd8+ Kxf7 11. Ng5+) 10. Ng5+) (8... Bg4 9. cxd4 (9.
Nb5 $5 Qc6 10. Bxd4 Qxc4 11. Bxg7 Qxb5 12. Bxh8 f6 13. h3 Bxf3 14. Qxf3 $16 {
/+-}) 9... Bxf3 10. gxf3 Qf5 11. Nb5 $36) 9. cxd4 O-O 10. O-O Bg4 {this leads
into a force line which is just good for white,black should try something else}
(10... Nf5 11. Re1 Nh4 (11... Qc6 12. Rc1 Qb6 13. Bb3 {[%cal Ga3c4]}) 12. Nxh4
Qxh4) (10... Nc6 11. Re1 Qg4 12. d5 $1 (12. Bxh6 Bxh6 13. d5 Na5 14. Bd3 $36 {
[%csl Ra5,Re7]}) 12... Na5 13. Bd3 {[%csl Ra5]} Nf5 14. Qd2 $36 {/+/=}) 11.
Bxh6 Bxh6 12. Re1 Bxf3 13. Rxe4 Bxd1 14. Rxd1 Bg5 (14... e6 15. d5 exd5 16.
Bxd5 (16. Rxd5 $36) 16... Nc6 17. Bxc6 bxc6 $14) (14... Nc6 15. d5 $16) (14...
Re8 15. Bb5 Nc6 16. d5 Red8 17. Ree1 Nb4 18. Rxe7 $16) 15. Re5 $1 Bf6 16. Rb5
Nc6 (16... Rd8 17. Rxb7 Nc6 (17... Rxd4 18. Rxd4 Bxd4 19. Nb5 $18) (17... Bxd4
18. Rxe7 (18. Nb5 Nc6 19. Rc7 a6 (19... Bxf2+ 20. Kxf2 Rxd1 21. Rxc6 Rd2+ 22.
Kf3 Rxb2 $132) 20. Nxd4 Nxd4 21. Kf1 $14 {/+/-}) 18... Bxf2+ 19. Kxf2 Rxd1 20.
Re8+ Kg7 21. Be2 Rd2 22. Ke1 Rxe2+ (22... Rxb2 23. Bf3 Rxa2 24. Nc4 $18) 23.
Kxe2 $18) 18. d5 Na5 19. Rb5 Nxc4 20. Nxc4) 17. d5 a6 $6 {as it happenes many
times,one does not want to play passive,and be in defence for some time,and
chooses to get an active play even if he is probably much worse,here is a good
example,after 17...Nd8 it seems black will survive while after 17...a6 he is a
pawn down with no compensation} (17... Nd8 $8 18. d6 exd6 (18... e6 $5) 19.
Rxd6 Kg7 {[%cal Gf8e8,Ga8c8]}) (17... Rfd8 18. Rxb7 Na5 19. Rb5 Nxc4 20. Nxc4 {
with a pawn up for white}) 18. Rxb7 Na5 19. Rb6 Rfb8 20. Rxb8+ Rxb8 21. b3 Bb2
22. Nc2 (22. Nb1 Nxc4 23. bxc4 Rc8 24. Nd2 Bc3 25. Nb1 Bb2 $11) 22... Nxc4 23.
bxc4 Be5 $2 {a big big mistake,I am quite sure black had missed white next
move Ne1! and after Nd3 white is probablt winning,so this was the decisive
mistake in the game,it seems that after Bc3 or Bf6 black has chances to make a
draw since his rooks will be very active and white's "a" pawn is te target} (
23... Bc3 $142 $5 24. Ne3 Rb2 25. a3 (25. a4 Bb4 $44 {[%csl Ra4,Rc4]}) 25...
Ra2) 24. Ne1 $1 $16 {[%csl Rb2,Re5][%cal Ge1d3]} Bd6 25. Nd3 Ba3 26. Kf1 f6 $6
(26... Rc8 $142 27. Ne5 (27. c5 Rc7 28. c6 e6 29. dxe6 Bd6 (29... fxe6 $2 30.
Ne5 $18) 30. exf7+ Kxf7 31. Rc1 $16) 27... Bd6 28. Nc6 $16 {[%cal Gd1b1]}) 27.
Rd2 $1 {[%cal Gd2c2]} Kf7 28. c5 Rd8 29. Nf4 Rb8 30. Rc2 {black can continue
for few more moves,but I do not believe the result would have changed} 1-0

[Event "NED-ch52"]
[Site "Rotterdam"]
[Date "1997.07.01"]
[Round "9"]
[White "Van den Doel, Erik"]
[Black "Nijboer, Friso"]
[Result "0-1"]
[WhiteElo "2430"]
[BlackElo "2555"]
[Annotator "Har Zvi,R"]
[PlyCount "68"]
[EventDate "1997.06.21"]
[EventType "tourn"]
[EventRounds "11"]
[EventCountry "NED"]
[EventCategory "12"]
[SourceTitle "CBM 060"]
[Source "ChessBase"]
[SourceDate "1997.09.29"]
[SourceVersion "1"]
[SourceVersionDate "1997.09.29"]
[SourceQuality "1"]

1. e4 d6 2. d4 g6 3. Nc3 Bg7 4. Bg5 c6 (4... h6 5. Be3 (5. Bh4 Nf6 6. Be2 c5 7.
e5 Nh5 8. dxc5 Nf4 9. Bg3 dxe5 10. Qxd8+ Kxd8 11. O-O-O+ Bd7 12. Bf3 Nc6 $13 {
Unzicker,W-Botvinnik,M Moscow 1956}) 5... Nf6 6. h3 c6 7. Nf3 Qc7 8. a4 Nbd7 9.
Be2 b6 10. O-O O-O {Todorovic,GM-Damljanovic,B JUG-chT Tivat 1995}) 5. Qd2 b5
6. f4 Qb6 $146 (6... Nf6 7. Bd3 Nbd7 (7... b4 8. Nce2 Qb6 9. Nf3 d5 10. e5 Ne4
11. Qe3 Na6 12. Bh4 Nc7 13. O-O Bf5 14. a3 b3 15. c4 Ne6 16. Rfc1 $16 {
Gofshtein,L-Hoi,C Berlin 1993}) 8. Nf3 O-O (8... b4 $5 9. Ne2 Qb6 10. O-O O-O
11. Kh1 Ba6 12. c4 $6 bxc3 13. bxc3 Qa5 14. e5 Nd5 15. c4 Qxd2 16. Nxd2 f6 $1
17. exf6 exf6 18. Bh4 Rfe8 $15 {Birmingham,E-Bernard,C,Clichy 1990}) 9. e5 (9.
O-O Nb6 10. Rae1 b4 11. Ne2 c5 12. c4 bxc3 13. bxc3 cxd4 14. cxd4 d5 15. Bxf6
exf6 $1 16. Nc3 dxe4 17. Bxe4 Rb8 18. Bc6 Ba6 $36 {Tiviakov,V-Hennigan,M,
Oakham 1992-CBM 30}) 9... b4 $8 10. Nd1 $6 (10. Ne2 $142 $5 Nd5 $5 (10... dxe5
11. fxe5 Nd5 12. Bh6 $40) 11. exd6 f6 12. dxe7 Qxe7 13. Bh4 Ne3 $44 14. Rg1)
10... Nd5 $1 11. exd6 f6 12. Bh4 exd6 13. O-O Bh6 $1 $15 {Leko,P-Gurevich,M/
Wijk op 1993 (35) ><f4 [ Stohl ]}) (6... b4 7. Nd1 Qb6 8. c3 a5 9. Ne3 Ba6 10.
Bxa6 Nxa6 11. Ne2 Nf6 12. Ng3 h5 13. e5 $36 {Shereshevski,M-Hazai,L Budapest
1991}) 7. Nf3 Bg4 8. O-O-O Nd7 9. Be2 $6 {giving black the chanve to finish
his development wiht Ngf6 with a tempi,I would consider two moves for white 9.
e5 and 9.h3} b4 10. Nb1 (10. Na4 Qa5 11. b3 Ngf6 $13 12. Bd3 $140 $6 (12. e5
Ne4 13. Qe3 d5 $13) 12... Nb6 13. a3 Nxa4 14. axb4 Qb6 15. bxa4 Bxf3 16. gxf3
Qxd4) 10... Ngf6 11. Qe3 Be6 $1 $36 {after white's 9 move it seems black gets
the initiative,all his pieces are in the game,when his king in the center is
better than white's one} 12. b3 (12. a3 bxa3 13. Nxa3 Rb8 14. b3 Ng4 $1 15. Qg1
Bxb3 16. cxb3 Qxb3 17. Rd3 (17. Nc2 $2 Nc5 $1 $19) 17... Qa2 $40 {/-+}) 12...
a5 {it is just very easy to play for black,the plan is very simple} 13. Nfd2 (
13. Nbd2 a4 14. Nc4 Bxc4 15. Bxc4 (15. bxc4 $2 Ng4 $1 16. Qg1 b3 $40) 15... d5
16. exd5 cxd5 17. Bd3 O-O $36 {[%csl Rc1][%cal Ga8a1]}) 13... a4 14. Nc4 Bxc4
15. bxc4 (15. Bxc4 d5 16. exd5 cxd5 {[%csl Rb1,Rc1]}) 15... e5 16. c5 (16. fxe5
dxe5 17. c5 exd4 18. Qxd4 Qc7 19. Rhf1 O-O $140 20. Bxf6 Nxf6 21. Rxf6 Rad8 22.
Qf2 Rxd1+ 23. Kxd1 (23. Bxd1 Qe5 24. Rxc6 Qb2+ 25. Kd2 Qxb1 $19) 23... Bxf6 24.
Qxf6 Qxh2 $17) 16... exd4 17. cxb6 (17. Qxd4 Qxc5 (17... dxc5 18. Qc4 O-O 19.
Bf3) 18. Qxd6 Qxd6 (18... b3 $5 19. Qxc5 Nxc5 20. cxb3 (20. Bxf6 Bxf6 21. axb3
a3) 20... axb3 21. axb3 Nfxe4 $36) 19. Rxd6 Nxe4 20. Rxc6 Nxg5 21. fxg5 O-O $17
{[%csl Rb1,Rc1]}) 17... dxe3 18. Bf3 (18. Rxd6 Nxe4 19. Rxc6 Rb8 (19... Nxg5
20. fxg5 Rb8 (20... O-O $6 21. b7 $13) 21. Bb5 O-O 22. Bxa4 Nxb6 23. Bb3 Rfc8)
20. Bb5 (20. Rc4 Nxg5 (20... Nf2 $5) 21. fxg5 Rxb6 22. Re4+ Ne5 (22... Be5 $2
23. Bg4) 23. Rxe3 O-O $17 {[%csl Rb1,Rc1]}) 20... O-O 21. Be7 Rfe8 22. Bxb4
Nxb6 $17) (18. Bxf6 Nxf6 19. Rxd6 Nxe4 20. Rxc6 a3 (20... O-O 21. b7 $13) 21.
c3 Bxc3 {when black is better}) 18... d5 19. Bxf6 (19. e5 Ng8 {[%cal Gd7b6]})
19... Nxf6 20. exd5 cxd5 21. g4 $2 {I have only one explenation for this move,
white simply missed black next move,although I must say it's an obvious one,
after black's next move white's position is very difficult} (21. Bxd5 Nxd5 22.
Rxd5 O-O 23. Re1 (23. Rb5 $6 b3 $1 24. cxb3 (24. axb3 $4 a3) 24... axb3 25.
Rxb3 (25. a3 Rac8+ 26. Kd1 b2 27. b7 Rc1+ 28. Ke2 Rxh1 29. b8=Q Rxb1 $17) 25...
Rfc8+ 26. Kd1 Rxa2 27. Rxe3 (27. b7 $4 e2+ 28. Ke1 Rc1+) (27. Re1 Rd8+ 28. Kc1
Rdd2 $1 29. Nxd2 exd2+ 30. Kd1 dxe1=Q+ 31. Kxe1 Ra8 32. b7 Rb8) 27... Rxg2 $17
{[%csl Rd1]}) (23. b7 Ra7 24. Rb5 Rb8 25. Re1 (25. Rxb4 Raxb7 26. Rxb7 Rxb7 27.
c3 Bf8 $1 {[%cal Gf8a3]})) 23... Rfb8 24. Rxe3 (24. Rd6 Bf8 25. Rc6 Ra6) (24.
Rb5 Bd4 25. Rxb4 Bxb6 26. Nc3 $6 e2 $1 $17) 24... Rxb6 $15 {[%csl Ra2,Rb1,Rc2,
Gg7][%cal Gc8c1] /-/+}) 21... O-O-O 22. Rd4 (22. Rhe1 d4 23. a3 b3 $1 24. cxb3
Nd7 25. b7+ Kb8 26. b4 g5 $1 $19 {[%cal Gd7e5]}) 22... Bf8 23. g5 (23. c3 Bc5
24. Rd3 b3) 23... Bc5 24. Rd3 Nh5 $2 {giving white chances that lucky for
black were not played by white, the simple Ne4 wins the game} (24... Ne4 25.
Rhd1 Bxb6 26. Rxd5 Nf2 $1 $19) 25. Rf1 $2 (25. Bxh5 $142 gxh5 26. Nc3 $1 {
this is white's last chance,it's impossible to pl,ay with knight on b1,so this
is not a usual way but a very good one to bring him back to the game} bxc3 27.
Rxc3 Kb7 28. Rxc5 Kxb6 29. Rc3 d4 $17) 25... Bxb6 {now white should resign} 26.
Kd1 (26. Rxd5 Rxd5 27. Bxd5 e2 28. Re1 Nxf4) 26... Rhe8 27. Bxh5 gxh5 28. Ke2
Re4 29. a3 Rc4 30. axb4 Rxc2+ 31. Kf3 Kb7 32. Nc3 a3 33. Na4 a2 34. Nxb6 Rf2+
0-1